| 000 | 01076cam a22003257a 4500 | ||
|---|---|---|---|
| 999 |
_c843 _d843 |
||
| 001 | 13988731 | ||
| 003 | OSt | ||
| 005 | 20191011123520.0 | ||
| 008 | 050601s2004 enk f 001 0 eng | ||
| 010 | _a 2005276491 | ||
| 015 |
_aGBA460906 _2bnb |
||
| 016 | 7 |
_a012976168 _2Uk |
|
| 020 | _a0340811099 (pbk.) | ||
| 035 | _a(OCoLC)ocm56650222 | ||
| 040 |
_aUKM _cUKM _dC#P _dDLC |
||
| 042 | _alccopycat | ||
| 050 | 0 | 0 |
_aRC58 _b.S95 2004 |
| 082 | 0 | 4 |
_aWB 18 S22e 2004 _222 |
| 100 | 1 |
_aSyed, Irfan [et...al] _91358 |
|
| 245 | 1 | 0 | _aEMQs in Clinical Medicine |
| 260 |
_aLondon : _bOxford University Press, _c2004. |
||
| 300 |
_aviii, 260 p. ; _c24 cm. |
||
| 504 | _aIncludes index. | ||
| 650 | 0 |
_aMedicine MCQs _92267 |
|
| 856 | 4 | 2 |
_3Publisher description _uhttp://www.loc.gov/catdir/enhancements/fy0626/2005276491-d.html |
| 856 | 4 | 1 |
_3Table of contents only _uhttp://www.loc.gov/catdir/enhancements/fy0626/2005276491-t.html |
| 906 |
_a7 _bcbc _ccopycat _d2 _encip _f20 _gy-gencatlg |
||
| 942 |
_2z _cSLOAN |
||